000
00260nam a22001217a 4500
008
180926b xxu||||| |||| 00| 0 eng d
041
_a
eng
080
_a
334.7
100
_a
55
101
_a
MAN
245
_a
Managerial Finnace
_c
Weston.B
942
_2
udc
_c
BK
999
_c
48527
_d
48527